| 000 | 00718cab a2200229 4500 | ||
|---|---|---|---|
| 001 | ABS59345 | ||
| 008 | 090401t1998 xxu||||| |||| 00| 0 eng d | ||
| 035 | _a(Sirsi) u88457 | ||
| 041 | _aeng | ||
| 100 | _aSlavid, R. | ||
| 245 | _aHow to run your own projects | ||
| 260 | _c1998 | ||
| 350 | _a0 | ||
| 490 |
_aArchitects` Journal _v208(7) 20 August 1998, 48-49(2) |
||
| 520 | _aExplains the pros and cons of an architect acting as his or her own construction manager and provides guidance on construction management. | ||
| 650 | _aARCHITECTS | ||
| 650 | _aCONSTRUCTION MANAGER | ||
| 650 | _aGUIDANCE | ||
| 690 | _aMANAGEMENT-BUSINESS MANAGEMENT-PROFESSIONAL PRACTICE | ||
| 942 | _n0 | ||
| 948 | _c14/09/1998 | ||
| 999 |
_c55879 _d55879 |
||